logo

Bir Sreshtho Munshi Abdur Rouf Library
Jhenaidah Cadet College

Making Number Discoveries / (Record no. 5404)

MARC details
000 -LEADER
fixed length control field 00646nam a2200241 a 4500
001 - CONTROL NUMBER
JCCL Control Number 5404
003 - CONTROL NUMBER IDENTIFIER
JCCL marc code BD-JhCC
005 - DATE AND TIME OF LATEST TRANSACTION
control field 20180206094333.0
008 - FIXED-LENGTH DATA ELEMENTS--GENERAL INFORMATION
fixed length control field 171213s n a|||| |||| 00| 0 eng d
035 ## - SYSTEM CONTROL NUMBER
system control number (BD-JhCC)
040 ## - CATALOGING SOURCE
Original cataloging agency BD-JhCC
Modifying agency BD-JhCC
041 ## - LANGUAGE CODE
Language code of Book eng
082 ## - DEWEY DECIMAL CLASSIFICATION NUMBER
Classification number 511
Author mark and Year BRU
100 ## - MAIN ENTRY--PERSONAL NAME
Personal name J. Brueckner, Leo
245 ## - TITLE STATEMENT
Title Making Number Discoveries /
Statement of responsibility, etc Leo J. Brueckner :L. Merton , E. grossnickle
260 ## - PUBLICATION, DISTRIBUTION, ETC. (IMPRINT)
Place of publication, distribution, etc New York :
Name of publisher, distributor, etc Rinehart and winston,
300 ## - PHYSICAL DESCRIPTION
Pagination 346 p. :
Other physical details ill. ;
Dimensions 24cm.
650 ## - SUBJECT ADDED ENTRY--TOPICAL TERM
Topical term or geographic name as entry element General Mathematics
700 ## - ADDED ENTRY--PERSONAL NAME
Personal name J. Brueckner, Leo
700 ## - ADDED ENTRY--PERSONAL NAME
Personal name L. Merton,
700 ## - ADDED ENTRY--PERSONAL NAME
Personal name E. grossnickle,
942 ## - ADDED ENTRY ELEMENTS (KOHA)
Source of classification or shelving scheme Dewey Decimal Classification
Koha item type Books
Holdings
Source of classification or shelving scheme Damaged status Not for loan Home library Current library Shelving location Total Checkouts Full call number Barcode Date last seen Copy number Koha item type
Dewey Decimal Classification     JCC Rouf Library JCC Rouf Library General Stacks   511 BRU 7538 12/13/2017 C - 1 Books
Dewey Decimal Classification     JCC Rouf Library JCC Rouf Library General Stacks   511 BRU 8700 02/06/2018 C - 1 Books

JCC Library | Contacts | JCC Home

Last Update on 23 September 2017
Copyright @ 2017-2020 JCC Rouf Library
Rouf Library, Jhenidah Cadet College (JCC), Bangladesh